QUARKS & LEPTONS : AN INTRODUCTORY COURSE IN MODERN PRACTICLE PHYSICS. (Record no. 24982)

MARC details
000 -LEADER
fixed length control field 00376nam a22001577a 4500
003 - CONTROL NUMBER IDENTIFIER
control field SGT
020 ## - INTERNATIONAL STANDARD BOOK NUMBER
International Standard Book Number 9788126516568
082 ## - DEWEY DECIMAL CLASSIFICATION NUMBER
Classification number 539.21
Item number HAL
100 ## - MAIN ENTRY--PERSONAL NAME
Personal name HALZEN,FRANCIS
245 ## - TITLE STATEMENT
Title QUARKS & LEPTONS : AN INTRODUCTORY COURSE IN MODERN PRACTICLE PHYSICS.
250 ## - EDITION STATEMENT
Edition statement 1ST
260 ## - PUBLICATION, DISTRIBUTION, ETC. (IMPRINT)
Place of publication, distribution, etc NEW DELHI
Name of publisher, distributor, etc WILEY
Year of Publication 2016
300 ## - PAGE DESCRIPTION
No. of Pages 396
650 ## - SUBJECT ADDED ENTRY--TOPICAL TERM
Topical term or geographic name as entry element PHYSICS
942 ## - ADDED ENTRY ELEMENTS (KOHA)
Source of classification or shelving scheme Dewey Decimal Classification
Koha item type Books
Holdings
Withdrawn status Lost status Source of classification or shelving scheme Damaged status Use restrictions Not for loan Collection code Home library Current library Shelving location Date acquired Vendor Name Cost, normal purchase price SGTU Bill Number Full call number Accession No. (Barcode) Date last seen Bill Date Koha item type
    Dewey Decimal Classification   Restricted Access Not For Loan ENGINEERING SGT Engineering Library SGT Engineering Library Reference Book 06/09/2023 AHUJA BOOK COMPANY 1895.00 SGTU 17044 539.21 HAL FE8854 06/09/2023 12/07/2023 Books